König der Löwen - Kann es wirklich Liebe sein - Statistiken

Allgemein
  • Dieses Quiz wurde 148 mal gespielt
  • Das Durchschnittsergebnis liegt bei 118 aus 167
Antwortstatistiken
Antwort % Korrekt
es
99%
Es
99%
Kann
97%
sein
97%
wir
97%
wirklich
97%
Liebe
96%
A
91%
Die
90%
die
90%
Ich
90%
ich´s
87%
er
86%
Er
86%
so
82%
und
82%
Und
82%
O
81%
Was?
80%
was
80%
Was
80%
das
78%
ist
78%
Ist
78%
Sie
78%
sie
78%
nur
77%
du
76%
König
75%
will
75%
wär
73%
wie
73%
Denn
71%
im
71%
Im
71%
seh
71%
Sind
71%
sind
71%
Wer
71%
als
70%
der
70%
schon
70%
mir
68%
noch
68%
soll
68%
um
68%
an
67%
Dann
67%
dann
67%
Zeit
67%
ein
66%
glaub
66%
sich
66%
Ihr
65%
kein
65%
Harmonie
63%
jetzt
63%
sanften
63%
Sanften
63%
werden
63%
ganze
62%
kommen
62%
Kommen
62%
verlieben
62%
Aber
61%
Voll
61%
voll
61%
Warum
61%
zwo
61%
erklären?
59%
frei
59%
ja
59%
verbergen?
59%
weiß
59%
Wo?
59%
auch
58%
Begegnung
58%
erst
58%
oh!
58%
romantisch
58%
fängt
57%
mein
57%
Nacht
57%
nicht
57%
Vergangenheit
57%
versteht?
57%
Wahrheit
57%
wenn
57%
zärtliche
57%
Ob
56%
ob
56%
tut´s
56%
geht
54%
tiefer
54%
Desaster
53%
Friedlichkeit
53%
Freund
52%
heut
52%
allem
51%
Mit
51%
schöne
49%
Zauberbann
49%
dumm
48%
verliebt
48%
Spürst
46%
Überall
46%
drum
44%
rum
44%
Abendwind
42%
Unbekümmertheit
42%
Dunkelheit
30%
erwacht
30%
Schutz
29%
eins
25%
endlich
24%
Keine übereinstimmenden Quizze gefunden
Verteilung der Resultate
Anzahl Personen mit jedem Resultat
Perzentil nach korrekt beantworteten Fragen
Ihre Resultats-Entwicklung
Sie haben dieses Quiz noch nicht gespielt